| LEADER | 00886nam a2200169 4500 | ||
|---|---|---|---|
| 999 | |c 15932 |d 15932 | ||
| 082 | |a 398.8 |b H'M430đ | ||
| 100 | |a Đinh Văn Mơl | ||
| 245 | |a H'mon đăm noi |c Đinh Văn Mơl kể; Phạm Thị Hà dịch; Tô Ngọc Thanh hiệu đính, chú thích |b Trướng ca dân tộc Bahnar | ||
| 260 | |a H. |b Hội nhà văn |c 2018 | ||
| 300 | |a 249tr. |c 21cm. | ||
| 500 | |a Đầu trang tên sách ghi: Liên hiệp các hội văn học nghệ thuật Việt Nam. Hội Văn học nghệ thuật các dân tộc thiểu số Việt Nam | ||
| 520 | |a Tập hợp các bài trướng ca của dân tộc Bahnar. | ||
| 653 | |a Văn hóa dân gian |a Dân tộc Bahnar |a Trướng ca |a Việt Nam | ||
| 856 | |u . | ||
| 942 | |2 ddc |c SH | ||
| 952 | |0 0 |1 0 |2 ddc |4 0 |6 398_800000000000000_HM430Đ |7 0 |8 300 |9 118138 |a qbu |b qbu |c D2 |d 2020-06-01 |g 35000 |o 398.8 H'M430đ |p 12957.c1 |r 2020-06-01 |w 2020-06-01 |y SH | ||